[Event "Sochi Amateur op 6th"]
[Site "Sochi"]
[Date "2019.04.11"]
[Round "7"]
[White "Tadevosyan, Gevorg"]
[Black "Spirin, Alexandr"]
[Result "0-1"]
[WhiteElo "1927"]
[BlackElo "1775"]
[PlyCount "28"]
[EventDate "2019.04.07"]
[EventType "swiss"]
[EventRounds "9"]
[EventCountry "RUS"]
[SourceTitle "CBM 189 Extra"]
[Source "ChessBase"]
[SourceDate "2019.05.31"]
[SourceVersion "1"]
[SourceVersionDate "2019.05.31"]
[SourceQuality "1"]

1. Nf3 Nf6 2. c4 e6 3. Nc3 d5 4. d4 Nbd7 5. Bg5 Be7 6. e3 0-0 7. Qc2 c6 8. Rd1 Ng4 9. h4 f6 10. Bf4 e5 11. dxe5 fxe5 12. Bg5 e4 13. cxd5 exf3 14. Bc4 fxg2 0-1

[Event "Sochi Amateur op 6th"]
[Site "Sochi"]
[Date "2019.04.09"]
[Round "4"]
[White "Tadevosyan, Gevorg"]
[Black "Petyakov, Emir"]
[Result "1-0"]
[WhiteElo "1927"]
[BlackElo "1362"]
[PlyCount "49"]
[EventDate "2019.04.07"]
[EventType "swiss"]
[EventRounds "9"]
[EventCountry "RUS"]
[SourceTitle "CBM 189 Extra"]
[Source "ChessBase"]
[SourceDate "2019.05.31"]
[SourceVersion "1"]
[SourceVersionDate "2019.05.31"]
[SourceQuality "1"]

1. Nf3 Nf6 2. c4 c6 3. d4 d5 4. Nc3 e6 5. Bg5 Be7 6. e3 Nbd7 7. Bd3 dxc4 8. Bxc4 0-0 9. 0-0 b5 10. Bd3 Bb7 11. Rc1 Rc8 12. e4 h6 13. Bh4 b4 14. Na4 c5 15. dxc5 Nxe4 16. Bxe7 Qxe7 17. c6 Bxc6 18. Rxc6 Rxc6 19. Bxe4 Rc7 20. h3 Rd8 21. Qe2 Nf6 22. Bc2 Nd5 23. Bb3 Qf6 24. Qe4 Qf4 25. Bxd5 1-0

[Event "World Amateur-ch U2000"]
[Site "Cagliari"]
[Date "2018.04.28"]
[Round "8"]
[White "Ortegon Villacorte, Linda Daniela"]
[Black "Tadevosyan, Gevorg"]
[Result "0-1"]
[WhiteElo "1879"]
[BlackElo "1860"]
[PlyCount "84"]
[EventDate "2018.04.22"]
[EventType "swiss"]
[EventRounds "9"]
[EventCountry "ITA"]
[SourceTitle "CBM 184 Extra"]
[Source "ChessBase"]
[SourceDate "2018.06.28"]
[SourceVersion "1"]
[SourceVersionDate "2018.06.28"]
[SourceQuality "1"]

1. e4 c5 2. Nc3 e6 3. f4 Nc6 4. Nf3 d5 5. Bb5 d4 6. Bxc6+ bxc6 7. Ne2 d3 8. cxd3 Qxd3 9. Nc3 Bd6 10. e5 Bc7 11. Qa4 Bd7 12. Qe4 Qa6 13. d3 Ne7 14. Qc4 Qxc4 15. dxc4 Nf5 16. Kf2 0-0 17. Ne4 h5 18. b3 Rfd8 19. Ba3 Be8 20. Rad1 Rd4 21. Nxd4 cxd4 22. c5 f6 23. Nd6 fxe5 24. fxe5 Bg6 25. Ke2 h4 26. Rd2 Kh7 27. Rg1 Bh5+ 28. Kd3 Bg6 29. Kc4 Ne3+ 30. Kxd4 Nc2+ 31. Rxc2 Bxc2 32. Rf1 Bd8 33. Rf8 Rb8 34. Nf7 Bc7 35. Rxb8 Bxb8 36. Ng5+ Kg6 37. Nxe6 Kf5 38. Nxg7+ Kg6 39. Ne6 Kf5 40. Nd8 Bxe5+ 41. Kc4 Be4 42. g3 h3 0-1

[Event "World Amateur-ch U2000"]
[Site "Cagliari"]
[Date "2018.04.23"]
[Round "3"]
[White "Tadevosyan, Gevorg"]
[Black "Kruger, Israel"]
[Result "1/2-1/2"]
[WhiteElo "1860"]
[BlackElo "1924"]
[PlyCount "106"]
[EventDate "2018.04.22"]
[EventType "swiss"]
[EventRounds "9"]
[EventCountry "ITA"]
[SourceTitle "CBM 184 Extra"]
[Source "ChessBase"]
[SourceDate "2018.06.28"]
[SourceVersion "1"]
[SourceVersionDate "2018.06.28"]
[SourceQuality "1"]

1. d4 c5 2. d5 e5 3. dxe6 fxe6 4. e4 Nc6 5. Nc3 Nf6 6. Bg5 Be7 7. Nf3 0-0 8. Bc4 Na5 9. Be2 a6 10. 0-0 b5 11. e5 Ne8 12. Bxe7 Qxe7 13. Ne4 Bb7 14. Ng3 Rd8 15. Qd2 Nc4 16. Qc3 Nb6 17. Qe3 Nd5 18. Qg5 d6 19. Qxe7 Nxe7 20. Ng5 Nc7 21. Bg4 Bd5 22. Rfe1 Ng6 23. exd6 Rxd6 24. N5e4 Rc6 25. Nc3 b4 26. Nxd5 exd5 27. Nf5 Re8 28. Rxe8+ Nxe8 29. Bh5 Re6 30. Kf1 Kf8 31. a3 Nc7 32. axb4 cxb4 33. Nd4 Rb6 34. Ra5 Ne5 35. Rc5 Ne6 36. Nxe6+ Rxe6 37. Rxd5 Nc4 38. b3 Na3 39. Rd8+ Ke7 40. Re8+ Kf6 41. Rxe6+ Kxe6 42. Bd1 Ke5 43. Ke2 Kd4 44. Kd2 Nb1+ 45. Kc1 Nc3 46. Bf3 a5 47. Bc6 g5 48. Kd2 h6 49. f3 Nb1+ 50. Ke2 Nc3+ 51. Kd2 Nb1+ 52. Kc1 Nc3 53. Kd2 Nb1+ 1/2-1/2